00747cam a2200229 a 45000010009000000050017000090080041000260200015000670400013000820820015000952450083001102600063001933000020002566500015002766500018002916500049003096500021003587000031003799420006004109520088004169990013005041412422420240129061223.0050929s2004 ce b 100 0 eng  a9555800928 aDLCcDLC 222a305.8.10aProtection of minority rights and diversity /cedited by Nanda P. Wanasundera. aColombo :bInternational Centre for Ethnic Studies,c2004. axviii, 421 p. ; 0aMinorities 0aEthnic groups 0aRepresentative government and representation 0aMulticulturalism1 aWanasundera, Nanda P.eedt cL 001040708LaWERCLbWERCLd2024-01-29l0o305.8.p6596r2024-01-29w2024-01-29yL c212d212